La gestión de residuos sólidos urbanos en México. Un análisis municipal bajo la mirada del poder (Registro nro. 21742)

Detalles MARC
000 -Cabecera
Campo de control interno 00872nam a2200265Ia 4500
005 - Fecha y hora del registro
control field 20260320113309.0
008 - Elementos de Longitud Fija
fixed length control field 260320s9999||||xx |||||||||||||| ||und||
020 ## - ISBN
ISBN 9786078788866
041 ## - Idioma
Codigo Idioma ESP
082 ## - DEWEY y NOTACIÓN INTERNA
Dewey 363.728
Notación Interna V45
100 ## - AUTOR
Autor denominación Venegas Sahagún, Beatriz Adriana,
Término de relación autor
245 #0 - TÍTULO DE MATERIAL BIBLIOGRÁFICO
Título La gestión de residuos sólidos urbanos en México. Un análisis municipal bajo la mirada del poder
Título paralelo
246 ## - TÍTULO TRADUCIDO
Título
Título paralelo
Autor
250 ## - EDICIÓN
Edición Primera edición
260 ## - CIUDAD, EDITORIAL, AÑO
Ciudad México :
Nombre de la Editorial Universidad de Guadalajara,
Año 2022
300 ## - DESCRIPCIÓN
N° Páginas 191 páginas :
Otros detalles ilustraciones, tablas ;
Dimensiones 23 cm.
Material Adicional
440 ## - MENCIÓN DE SERIE
Título de la Serie
Número de Serie
Volumen de Serie
650 ## - TEMAS
Temas Ciencias Sociales
653 ## - DESCRIPTORES
Lenguajes no controlado Residuos sólidos, México
654 ## - PROGRAMAS
Programa Dpto. de Humanidades
700 ## - OTROS AUTORES
Otros autores
Títulos y otras palabras asociadas con el nombre
856 ## - URL - UBICACIÓN
URI/URL: Enlace exacto del recurso <a href="https://ebooks7-24-com.ucsp.lookproxy.com/stage.aspx?il=&pg=&ed=">https://ebooks7-24-com.ucsp.lookproxy.com/stage.aspx?il=&pg=&ed=</a>
Nota pública: Versión digital <a href="Véase además: Base de datos Ebook7-24">Véase además: Base de datos Ebook7-24</a>
942 ## - ELEMENTOS DE KOHA
Tipo de documento Libro
Nombre del creador Justo Noguera
Código de catalogador Mirtha Ponce
Esquema de clasificación Dewey Decimal Classification
Suppress in OPAC
Existencias
Codigo completo Registro Colección Copia número Disponibilidad Tipo de préstamo Biblioteca Actual Procedencia (Biblioteca) Ubicacón Fecha Ingreso Tipo de Adquisición Observación Date last seen Total checkouts Price effective from Tipo de Item Estado del Material Fuente de Clasificación Damaged status Withdrawn status
363.728 V45 1085295 Universidad Católica San Pablo 1 Disponible Disponible Víctor Andrés Belaunde Víctor Andrés Belaunde Planta baja abierta 10/03/2026 Compra Ingeniería ambiental 20/03/2026   20/03/2026 Libro Bueno Dewey Decimal Classification